000 00331 a2200109 4500
100 _aFRIMPONG, Enoch Darfah
_924102
245 _aHighway slaughter. Bodies of 35 dismembered
300 _aSaturday June 3, 2023 Page 09.
650 _aRoad Accident
_924103
773 0 _x0855-1529
_tDaily Graphic
_dAccra Daily Graphic 2023
942 _cPR
999 _c45144
_d45144